LEADER 01173nam a2200289 i 4500 001 000000158123 003 CaOOAMICUS 005 20070130000000.0 008 070130s1932 it u000 u ita u 013 $a135486 040 $aSeMil$bita 100 1 $aTorriano, Piero.$0(OLS)http://semarc/name/41245 245 10$aRomano Romanelli /$cPiero Torriano. 260 $aMilano :$bU. Hoepli,$c1932. 300 $a16 p., 29 c. di tav. ;$c17 cm. 490 0 $aArte moderna italiana ;$v22. . Serie B, Scultori ; 4 490 0 $aArte moderna italiana. Serie B, Scultori ;$v4 500 $aFondo Ciprandi. 650 4$aRomanelli, Romano.$0(OLS)http://semarc/subject/16826 830 0$aArte moderna italiana ;$v22. . Serie B, Scultori ; 4.$0(OLS)http://semarc/title/21108 830 0$aArte moderna italiana. Serie B, Scultori ;$v4.$0(OLS)http://semarc/title/22706 850 $aSeMil 852 $aSeMil$W1$xVenegono$y1$m5L I 6$j109791$B109791$CSeMilBibl$Z2$F119355 $81 941 1 $a1 961 $aOmaggio: Ciprandi dott. Paolo 996 $6245$aRomano Romanelli$9(OLS)http://semarc/title/139344 996 $6260$aMilano :$bU. Hoepli$9(OLS)http://semarc/publisher/33212 LEADER 00913nam a2200253 i 4500 001 000000138907 003 CaOOAMICUS 005 20140414000000.0 008 140414s1855 it u000 u fre u 013 $a112862 040 $aSeMil$bita 100 1 $aMullois, Isidore .$0(OLS)http://semarc/name/56177 245 10$aManuel de charité /$cpar m. l'abbé Isidore Mullois. 250 $a14. éd. 260 $aParis :$bPerisse frères,$c1855. 300 $a286 p. ;$c18 cm. 500 $aFondo Card. C.M. Martini. 650 4$aCarità - Pastorale.$0(OLS)http://semarc/subject/18452 850 $aSeMil 852 $aSeMil$W1$xVenegono$y1$m3C I 10 FA$j92347$B92347$CSeMilBibl$Z2$F97550 $8I 941 1 $a4 961 $aOmaggio: Martini Card. Carlo Maria 996 $6245$aManuel de charité$9(OLS)http://semarc/title/202992 996 $6260$aParis :$bPerisse frères$9(OLS)http://semarc/publisher/34157 LEADER 00799nam a2200205 i 4500 001 000000178385 003 CaOOAMICUS 005 20090319000000.0 008 090319s1963 it u000 u ita u 013 $a155957 040 $aSeMil$bita 245 12$aA Cesare Baronio :$bscritti vari. 260 $aSora :$b[s.n.],$c1963. 300 $a446 p., [56] c. di tav. ;$c25cm. 600 14$aBaronio, Cesare .$0(OLS)http://semarc/subject/5378 700 1 $aBaronio, Cesare,$c.$0(OLS)http://semarc/name/90024 850 $aSeMil 852 $aSeMil$W1$xVenegono$y1$m3A II 106$j129162$B129162$CSeMilBibl$Z2$F140349 $81 996 $6245$aA Cesare Baronio :$bscritti vari$9(OLS)http://semarc/title/256209 996 $6260$aSora :$b[s.n.]$9(OLS)http://semarc/publisher/49503